000 00649nam a22002057a 4500
999 _c9690
_d9690
003 GBCCL
005 20241126110717.0
008 230501b ||||| |||| 00| 0 eng d
020 _a9788184650242
020 _a8184650248
040 _cGBC
082 _a223.906
_bJES
100 _aJesudas, Adavimannath Devadas
_916843
245 _a The hidden theme of the song of songs
260 _aDelhi,
_bIndian Society for Promoting Christian Knowledge,
_c2010
300 _axxii, 267 pages ;
_c22 cm
650 _aBible.
_vSong of Solomon
_916844
650 _aBible.
_vSong of Solomon
_xCriticism, interpretation, etc
_916845
942 _2ddc
_cBK
_01